[Event "Far East Bank op"]
[Site "Manila"]
[Date "1990.05.30"]
[Round "3"]
[White "Tan, Crisanto"]
[Black "Young, Angelo"]
[Result "0-1"]
[WhiteElo "2027"]
[BlackElo "2205"]
[PlyCount "74"]
[EventDate "1990.05.28"]
[EventType "swiss"]
[EventRounds "11"]
[EventCountry "PHI"]
[SourceTitle "EXT 2015"]
[Source "ChessBase"]
[SourceDate "2014.11.20"]
[SourceVersion "1"]
[SourceVersionDate "2014.11.20"]
[SourceQuality "1"]

1. c4 Nf6 2. d4 d6 3. Nf3 g6 4. Nc3 Bg7 5. e4 0-0 6. Be2 Bg4 7. Be3 Nc6 8. d5 Bxf3 9. Bxf3 Ne5 10. Be2 c6 11. f4 Ned7 12. dxc6 bxc6 13. 0-0 Rb8 14. b3 Qa5 15. Rc1 Nc5 16. Bf3 Nfd7 17. Qd2 Rfd8 18. g4 Bxc3 19. Rxc3 Nf6 20. Bxc5 dxc5 21. Qc2 Rd4 22. e5 Ne8 23. Bxc6 Ng7 24. Rg3 Rbd8 25. f5 Rd2 26. Qb1 Qc7 27. Bd5 e6 28. Qc1 Rxa2 29. Qh6 Qxe5 30. Rh3 Qd4+ 31. Kh1 Rxd5 32. Qxh7+ Kf8 33. Qh8+ Ke7 34. f6+ Kd7 35. cxd5 Qxd5+ 36. Rhf3 Qd2 37. fxg7 Qg2# 0-1